000 00216 a2200097 4500
001 42689
100 _aArnold
245 _aThe true book about the commando
260 _aLondon
_bFrederick
_c
090 _c26583
_d26583
942 _aNUST-CAE
_cM
_c18428
999 _c277762
_d277762